<?xml version="1.0" encoding="UTF-8"?><?xml-stylesheet type="text/xsl" href="static/style.xsl"?><OAI-PMH xmlns="http://www.openarchives.org/OAI/2.0/" xmlns:xsi="http://www.w3.org/2001/XMLSchema-instance" xsi:schemaLocation="http://www.openarchives.org/OAI/2.0/ http://www.openarchives.org/OAI/2.0/OAI-PMH.xsd"><responseDate>2026-06-02T21:39:18Z</responseDate><request verb="GetRecord" identifier="oai:riuma.uma.es:10630/35700" metadataPrefix="marc">https://riuma.uma.es/rest/oai/request</request><GetRecord><record><header><identifier>oai:riuma.uma.es:10630/35700</identifier><datestamp>2026-02-03T11:36:18Z</datestamp><setSpec>com_10630_2254</setSpec><setSpec>col_10630_37953</setSpec></header><metadata><record xmlns="http://www.loc.gov/MARC21/slim" xmlns:dcterms="http://purl.org/dc/terms/" xmlns:doc="http://www.lyncode.com/xoai" xmlns:xsi="http://www.w3.org/2001/XMLSchema-instance" xsi:schemaLocation="http://www.loc.gov/MARC21/slim http://www.loc.gov/standards/marcxml/schema/MARC21slim.xsd">
   <leader>00925njm 22002777a 4500</leader>
   <datafield ind2=" " ind1=" " tag="042">
      <subfield code="a">dc</subfield>
   </datafield>
   <datafield ind2=" " ind1=" " tag="720">
      <subfield code="a">Millner, Naomi</subfield>
      <subfield code="e">author</subfield>
   </datafield>
   <datafield ind2=" " ind1=" " tag="720">
      <subfield code="a">Cunliffe, Andrew M.</subfield>
      <subfield code="e">author</subfield>
   </datafield>
   <datafield ind2=" " ind1=" " tag="720">
      <subfield code="a">Mulero-Pázmány, Margarita Cristina</subfield>
      <subfield code="e">author</subfield>
   </datafield>
   <datafield ind2=" " ind1=" " tag="720">
      <subfield code="a">Newport, Ben</subfield>
      <subfield code="e">author</subfield>
   </datafield>
   <datafield ind2=" " ind1=" " tag="720">
      <subfield code="a">Sandbrook, Chris</subfield>
      <subfield code="e">author</subfield>
   </datafield>
   <datafield ind2=" " ind1=" " tag="720">
      <subfield code="a">Wich, Serge A.</subfield>
      <subfield code="e">author</subfield>
   </datafield>
   <datafield ind2=" " ind1=" " tag="260">
      <subfield code="c">2023</subfield>
   </datafield>
   <datafield ind2=" " ind1=" " tag="520">
      <subfield code="a">Drones are unoccupied aerial systems (UAS) whose technology has evolved rapidly over the past 15 years. Increasingly used in conservation to manage and monitor biodiversity, drones offer rich capabilities to observe in difficult terrain, have relatively affordable hardware costs and are likely to continue to proliferate rapidly in the years ahead. Drones are useful for tasks as diverse as monitoring wildlife poaching and illegal timber extraction, managing ecotourism and disaster responses, and tracking the regeneration or degradation of forests, and offer potential for more specialised tasks as their sensory payloads are developed. However, although associated technical issues and applications have been explored in wide-ranging ways within conservation science, there has been relatively little social-scientific engagement with drones to date. This leaves a gap surrounding the potential social benefits and risks of drones, as well as in interdisciplinary conversations. This introduction is the first of four papers under the heading ‘Drone ecologies’, building on an interdisciplinary workshop held under the same name at the University of Bristol in July 2021. Expanding from the plenary dialogues that opened this workshop, this introduction explores what interdisciplinary perspectives on drones can offer in addressing global social and ecological challenges, drawing on expertise from the fields of conservation biology, human and physical geography, rainforest ecology and environmental systems. Setting out the aims of the overall special collection, we review here the ways that drones are being used, and might be used, in biodiversity conservation, setting out important considerations to minimise risks of inadvertent harms.</subfield>
   </datafield>
   <datafield ind1="8" ind2=" " tag="024">
      <subfield code="a">Millner, N., Cunliffe, A. M., Mulero-Pázmány, M., Newport, B., Sandbrook, C., &amp; Wich, S. (2023). Exploring the opportunities and risks of aerial monitoring for biodiversity conservation. Global Social Challenges Journal, 2, 2-23. Retrieved Dec 17, 2024, from https://doi.org/10.1332/TIOK6806</subfield>
   </datafield>
   <datafield ind1="8" ind2=" " tag="024">
      <subfield code="a">https://hdl.handle.net/10630/35700</subfield>
   </datafield>
   <datafield ind1="8" ind2=" " tag="024">
      <subfield code="a">10.1332/TIOK6806</subfield>
   </datafield>
   <datafield tag="653" ind2=" " ind1=" ">
      <subfield code="a">Biodiversidad - Conservación - Innovaciones tecnológicas</subfield>
   </datafield>
   <datafield ind2="0" ind1="0" tag="245">
      <subfield code="a">Exploring the opportunities and risks of aerial monitoring for biodiversity conservation</subfield>
   </datafield>
</record>
</metadata></record></GetRecord></OAI-PMH>